[Event "Berlin Lichtenberger op 18th"]
[Site "Berlin"]
[Date "2019.08.23"]
[Round "7"]
[White "Scheide, Helmut"]
[Black "Caglar, Ertan"]
[Result "0-1"]
[WhiteElo "1921"]
[BlackElo "1724"]
[PlyCount "106"]
[EventDate "2019.08.17"]
[EventType "swiss"]
[EventRounds "9"]
[EventCountry "GER"]
[SourceTitle "EXT 2020"]
[Source "ChessBase"]
[SourceDate "2019.10.17"]
[SourceVersion "1"]
[SourceVersionDate "2019.10.17"]
[SourceQuality "1"]

1. Nf3 Nf6 2. d4 c5 3. e3 g6 4. Be2 Bg7 5. 0-0 Qc7 6. Nc3 0-0 7. h3 a6 8. a4 d5 9. Bd2 Nbd7 10. Be1 b6 11. dxc5 Qxc5 12. Rb1 Bb7 13. b4 Qc7 14. a5 bxa5 15. bxa5 Nc5 16. Nd4 e6 17. f3 Bh6 18. Bd2 Nh5 19. f4 Ng3 20. Rf3 Nxe2+ 21. Ncxe2 Ne4 22. Bb4 Rfc8 23. Qe1 Qd7 24. Qh4 Bg7 25. g4 f5 26. gxf5 exf5 27. Qe7 Qxe7 28. Bxe7 Rab8 29. Bb4 Kf7 30. Be1 Ba8 31. Rxb8 Rxb8 32. Nb3 Rc8 33. Nbd4 Bc6 34. Bc3 Ba4 35. Bb4 Bxc2 36. Nxc2 Rxc2 37. Nd4 Bxd4 38. exd4 Rc4 39. Ba3 Ra4 40. Rb3 Rxa5 41. Rb7+ Kg8 42. Rb8+ Kg7 43. Rb7+ Kf6 44. Bf8 Rb5 45. Rxh7 Rb1+ 46. Kg2 Rb2+ 47. Kf3 Rb3+ 48. Ke2 Ng3+ 49. Kd2 Nh5 50. Ra7 Nxf4 51. Rxa6+ Kg5 52. Be7+ Kh5 53. Ra8 Rxh3 0-1

[Event "Berlin Lichtenberger op 15th"]
[Site "Berlin"]
[Date "2016.08.21"]
[Round "9"]
[White "Merz, Ruediger"]
[Black "Caglar, Ertan"]
[Result "1-0"]
[WhiteElo "1908"]
[BlackElo "1626"]
[PlyCount "59"]
[EventDate "2016.08.13"]
[EventType "swiss"]
[EventRounds "9"]
[EventCountry "GER"]
[SourceTitle "CBM 173 Extra"]
[Source "ChessBase"]
[SourceDate "2016.08.29"]
[SourceVersion "1"]
[SourceVersionDate "2016.08.29"]
[SourceQuality "1"]

1. d4 e6 2. c4 Nf6 3. Nf3 d5 4. Bg5 Bb4+ 5. Nc3 dxc4 6. Qa4+ Nc6 7. e3 Bd7 8. 0-0-0 a5 9. Nb5 h6 10. Bh4 g5 11. Bg3 Nd5 12. a3 Be7 13. Qxc4 Rc8 14. e4 Nb6 15. Qc2 Bf6 16. d5 0-0 17. dxc6 bxc6 18. Na7 Qe8 19. Nxc8 Qxc8 20. Ne5 Bxe5 21. Bxe5 f6 22. Bc3 a4 23. Bb4 Rf7 24. h4 e5 25. hxg5 hxg5 26. Bc4 Nxc4 27. Qxc4 Be6 28. Qxc6 Bb3 29. Rd3 Qg4 30. Qe8+ 1-0

[Event "Berlin Lichtenberger op 15th"]
[Site "Berlin"]
[Date "2016.08.20"]
[Round "8"]
[White "Caglar, Ertan"]
[Black "Pruetz, Sigurd"]
[Result "1-0"]
[WhiteElo "1626"]
[BlackElo "1724"]
[PlyCount "95"]
[EventDate "2016.08.13"]
[EventType "swiss"]
[EventRounds "9"]
[EventCountry "GER"]
[SourceTitle "CBM 173 Extra"]
[Source "ChessBase"]
[SourceDate "2016.08.29"]
[SourceVersion "1"]
[SourceVersionDate "2016.08.29"]
[SourceQuality "1"]

1. e4 c6 2. Nc3 d5 3. d4 g6 4. Be3 Bg7 5. e5 e6 6. f4 Ne7 7. g4 h5 8. Be2 h4 9. h3 b6 10. Bd3 Ba6 11. Nf3 Bxd3 12. Qxd3 b5 13. a3 Bh6 14. Qd2 Nd7 15. Bf2 Nb6 16. b3 Qc7 17. Qe3 a6 18. Bxh4 Bg7 19. Bf2 0-0-0 20. a4 Kb7 21. Ng5 Ng8 22. Ke2 Bf8 23. Be1 Nh6 24. Bd2 b4 25. a5 bxc3 26. axb6 Qxb6 27. Bxc3 Rc8 28. Rhb1 Be7 29. Ba5 Qa7 30. b4 Ka8 31. Kf3 Qb7 32. Qd3 Qb5 33. Rb3 Bxg5 34. fxg5 Ng8 35. Kg2 Kb7 36. Rc1 Qxd3 37. Rxd3 Ne7 38. Rf1 Rh7 39. Rdf3 Rf8 40. b5 c5 41. bxa6+ Kxa6 42. Ra1 Kb7 43. Rb3+ Kc8 44. Bb6 Rhh8 45. Ra8+ Kd7 46. Ra7+ Ke8 47. Bxc5 Nc8 48. Rb8 1-0

[Event "Berlin Lichtenberger op 15th"]
[Site "Berlin"]
[Date "2016.08.19"]
[Round "7"]
[White "Schmole Rostosky, Joachim"]
[Black "Caglar, Ertan"]
[Result "0-1"]
[WhiteElo "1580"]
[BlackElo "1626"]
[PlyCount "88"]
[EventDate "2016.08.13"]
[EventType "swiss"]
[EventRounds "9"]
[EventCountry "GER"]
[SourceTitle "CBM 173 Extra"]
[Source "ChessBase"]
[SourceDate "2016.08.29"]
[SourceVersion "1"]
[SourceVersionDate "2016.08.29"]
[SourceQuality "1"]

1. e4 c5 2. d3 Nc6 3. Nf3 d6 4. Nbd2 g6 5. g3 Bg7 6. Bg2 Bd7 7. 0-0 Qc8 8. Re1 Bh3 9. Bh1 Nh6 10. Nf1 Nd4 11. Nxd4 cxd4 12. Nd2 Qc7 13. f3 Rc8 14. Kf2 Bd7 15. Bg2 Qxc2 16. Qe2 Bb5 17. Nc4 Qxe2+ 18. Kxe2 Bxc4 19. dxc4 Rxc4 20. Kd3 Rc7 21. Bd2 0-0 22. Rec1 Rfc8 23. Rxc7 Rxc7 24. Rc1 Rxc1 25. Bxc1 e5 26. g4 Kf8 27. g5 Ng8 28. b3 Ke8 29. Ba3 Kd7 30. Bh3+ Kc7 31. Bf1 a6 32. Kc2 Ne7 33. Bc4 f5 34. h4 fxe4 35. fxe4 b5 36. Be6 a5 37. Bc1 Kc6 38. Bd2 b4 39. Kd3 d5 40. Bc1 Kd6 41. Bf7 dxe4+ 42. Kxe4 Kc5 43. Bd2 Nf5 44. Be1 Nd6+ 0-1